000 00456nam a2200193Ia 4500
005 20250124054343.0
008 240331s9999 xx 000 0 und d
020 _a041506625
082 _bBOY
_a911
100 _aBoyd, A
245 3 _aAn atlas of world affairs
250 _a9th
260 _aNew York
_bRoutledge
_c1991
300 _a240 p .,
650 _aWorld Politics
650 _a1945 Maps
650 _aHistorical Geography Maps
942 _cL
999 _c3434
_d3434